Creando valor con la gente : (Registro nro. 25020)

Detalles MARC
000 -LEADER
fixed length control field 00747cam a2200217 a 4500
005 - DATE AND TIME OF LATEST TRANSACTION
control field 20250331185256.0
008 - FIXED-LENGTH DATA ELEMENTS--GENERAL INFORMATION
fixed length control field 071005s2007 mx 000 0 spa d
020 ## - INTERNATIONAL STANDARD BOOK NUMBER
International Standard Book Number 9700911640
020 ## - INTERNATIONAL STANDARD BOOK NUMBER
International Standard Book Number 9789700911649
040 ## - CATALOGING SOURCE
Original cataloging agency CO-CtgCURN
Language of cataloging spa
Transcribing agency coctgcurn
082 04 - DEWEY DECIMAL CLASSIFICATION NUMBER
Classification number 658.4092
Item number G643
100 1# - MAIN ENTRY--PERSONAL NAME
Personal name González Gática, Rodolfo.
245 10 - TITLE STATEMENT
Title Creando valor con la gente :
Remainder of title un modelo para generar ventaja competitiva /
Statement of responsibility, etc. Rodolfo González Gática.
260 ## - PUBLICATION, DISTRIBUTION, ETC.
Place of publication, distribution, etc. Tlanepantla, México :
Name of publisher, distributor, etc. Grupo Editorial Norma,
Date of publication, distribution, etc. 2007.
300 ## - PHYSICAL DESCRIPTION
Extent 175 p. ;
Dimensions 23 cm.
650 #0 - SUBJECT ADDED ENTRY--TOPICAL TERM
Topical term or geographic name entry element Human capital.
650 #4 - SUBJECT ADDED ENTRY--TOPICAL TERM
Topical term or geographic name entry element Capital humano.
942 ## - ADDED ENTRY ELEMENTS (KOHA)
Institution code [OBSOLETE] MHC
-- MHC
Koha item type Libros
Classification part 658.4092
Item part G643
Source of classification or shelving scheme Dewey Decimal Classification
980 ## - EQUIVALENCE OR CROSS-REFERENCE-SERIES STATEMENT--PERSONAL NAME/TITLE [LOCAL, CANADA]
Personal name OCLC
Existencias
Withdrawn status Lost status Source of classification or shelving scheme Damaged status Not for loan Collection Home library Current library Shelving location Date acquired Inventory number Total checkouts Full call number Barcode Date last seen Price effective from Koha item type Public note
    Dewey Decimal Classification     General Miguel Henríquez Castañeda Miguel Henríquez Castañeda General 03/31/2025 023983   658.4092 G643 023983 03/31/2025 03/31/2025 Libros 650-ADMINS